000 01754nam0a22003011 4500
001 rc\2781797
005 20240617112310.0
035 _a(NLR Aleph) 006908025
090 _a7317435
_c7317435
100 _a20110915d1935 |||y0rusy50 ca
101 0 _arus
102 _aRU
105 _aa z |||||
200 1 _aАльбом металлорежущих станков общего назначения заграничных станкостроительных фирм
_eТокарные станки
_fСост. инж. С. Д. Тишин при участии сотрудников Гипромаша Г. В. Скундина, И. В. Лысенко
210 _a[Москва]
_a[Ленинград]
_cОНТИ. Глав. ред. лит-ры по машиностроению и металлообработке
_d1935
_eЛенинград
_gтип. им. Евг. Соколовой
215 _aОбл., 315 с.
_cил.
_d23х30 см.
225 1 _aРуководящие материалы для проектирования машиностроительных и металлообрабатывающих заводов. Серия 2
_fНКТП СССР. Гос. ин-т по проектированию машиностроит. и металлообрабатывающих заводов (Гипромаш)
_vВып. 5-7
300 _aЗагл. обл.: Токарные станки...
512 0 _aТокарные станки...
702 1 _aСкудин
_bГ. В.
_4220
702 1 _aТишин
_bС. Д.
_gСергей Дмитриевич
_4220
702 1 _aЛысенко
_bИ. В.
_4220
801 0 _aRU
_bNLR
_gpsbo
801 1 _aRU
_bELAR
_2rusmarc
852 _aNLR
_j35-19/52(5)
942 _cBOOK
980 _aNB